000 00743nam a2200289Ia 4500
005 20260324114621.0
008 008 260324s9999 xx 000 0 eng d
020 _a9781032681672
037 _aEBOOK
040 _aCRL
040 _beng
040 _cCRL
041 _2eng
041 _aeng
084 _qCRL
100 _aAntony T. Smith; Allison Hintz
_91151487
245 0 _aMathematizing Children's Literature
245 0 _bSparking Connections, Joy, and Wonder Through Read-Alouds and Discussion
260 _bTaylor and Francis
260 _c2022
365 _a
365 _b135
856 _uhttp://www.taylorfrancis.com/books/9781032681672
942 _cEBOOK
999 _c1741764
_d1741764